Economics and Business Review

Guardado en:
Detalles Bibliográficos
Formato: Seriadas
Lenguaje:inglés
Publicado: Poznań Poznań University of Economics and Business Press 2024
Etiquetas: Agregar Etiqueta
Sin Etiquetas, Sea el primero en etiquetar este registro!

MARC

LEADER 00000nas2a2200000 4500
001 0307547
005 20250307124235.8
022 |a 2392-1641 
041 0 |a eng 
044 |a PL 
245 1 0 |a Economics and Business Review 
264 1 |a Poznań  |b Poznań University of Economics and Business Press  |c 2024 
773 0 |w eu_un_cat*0201742